Normal view
MARC view
- सबनीस, मिलिंद
Entry Personal Name
001 - CONTROL NUMBER
- control field: 90056
003 - CONTROL NUMBER IDENTIFIER
- control field: OSt
005 - DATE AND TIME OF LATEST TRANSACTION
- control field: 20220809080046.0
008 - FIXED-LENGTH DATA ELEMENTS
- fixed length control field: 220809|| aca||aabn | a|a d
040 ## - CATALOGING SOURCE
- Original cataloging agency: OSt
- Transcribing agency: OSt
100 ## - HEADING--PERSONAL NAME
- Personal name: सबनीस, मिलिंद
670 ## - SOURCE DATA FOUND
- Source citation: Work cat.: (OSt)49450: सबनीस, मिलिंद, समाजाला एकत्रित बांधणारा भक्तीमार्ग, 2022